000
00241nam a2200109Ia 4500
008
230312s9999||||xx |||||||||||||| ||und||
082
_a
758.940
_b
COL-L
100
_a
Coalson:nat
245
0
_a
Lightroom
650
_a
Architecture
942
_c
BK
999
_c
14473
_d
14473